Which Country Has the Stronger Military? - Statistics

General Stats
  • This quiz has been taken 36 times
  • The average score is 12 of 20
Answer Stats
Question Answer % Correct
Which has the stronger military? China
100%
Which has the stronger military? United States
100%
Which has the stronger military? Turkey
85%
Which has the stronger military? Sweden
81%
Which has the stronger military? Italy
77%
Which has the stronger military? United Kingdom
77%
Which has the stronger military? Azerbaijan
73%
Which has the stronger military? South Korea
73%
Which has the stronger military? Israel
69%
Which has the stronger military? Vietnam
65%
Which has the stronger military? Syria
62%
Which has the stronger military? Hungary
58%
Which has the stronger military? New Zealand
58%
Which has the stronger military? Denmark
54%
Which has the stronger military? Bangladesh
46%
Which has the stronger military? Australia
42%
Which has the stronger military? Cuba
38%
Which has the stronger military? Brazil
31%
Which has the stronger military? Luxembourg
31%
Which has the stronger military? Singapore
19%
No matching quizzes found
Score Distribution
Percent of People with Each Score
Percentile by Number Answered
Your Score History
You have not taken this quiz